Jana Hlaváčová. : Žena v množném čísle. /

Uložené v:
Podrobná bibliografia
Hlavný autor: Suchařípová, Helena (Author)
Médium: Kniha
Jazyk:Czech
Vydané: Praha : Achát nakladatelství, 1997
Vydanie:1. vyd.
Témy:
ISBN: 8090222145 (viaz.)
Fyzický popis: 189 s.
Tagy: Pridať tag
Žiadne tagy, Buďte prvý kto otaguje tento záznam!

MARC

LEADER 00000nam a2200000 a 4500
001 000059421
003 SVKK
005 19990706000000.0
008 980209s1997 xo e czeo
020 |a 8090222145 (viaz.) 
040 |a SVKKK  |b slo  |c SVKKK  |e AACR2 
041 0 |a cze 
044 |a xo  |c SK 
080 |a 929 Hlaváčová, J.  |2 1997 
080 |a 792.071.28(437.1)  |2 1997 
100 1 |a Suchařípová, Helena  |4 aut 
245 1 0 |a Jana Hlaváčová. :  |b Žena v množném čísle. /  |c Helena Suchařípová 
250 |a 1. vyd. 
260 |a Praha :  |b Achát nakladatelství,  |c 1997 
300 |a 189 s. 
653 0 |a Hlaváčová, Jana, 1938-  |2 SVKKKPH 
653 0 |a herečka česká  |2 SVKKKPH 
653 0 |a životopisy  |2 SVKKKPH 
655 7 |a biografie  |2 SVKKKPH 
910 |a svkkk 
919 |a 80-902221-4-5 
974 |a MI  |d 19980223 
974 |a PA  |d 19980403 
974 |a MI  |d 19990706 
998 |a BK 
090 |g SCKHL  |k Sklad Pribinova 2. posch.  |a III.179699  |j 915226  |i 2720437071  |s Absenčne